Biblioteca y Centro de Documentación

Emerging issues in European economic diplomacy (Registro nro. 54063)

Detalles MARC
000 -CABECERA
Longitud fija campo de control 02730nam a2200301 c 4500
001 - NÚMERO DE CONTROL
Número de control 54063
003 - IDENTIFICADOR DE NÚMERO DE CONTROL
Identificador del número de control ES-MaCES
005 - FECHA Y HORA DE LA ÚLTIMA TRANSACCIÓN
Fecha y hora de la última transacción 20260123113652.0
008 - CAMPO FIJO DE DESCRIPCIÓN FIJA--INFORMACIÓN GENERAL
Códigos de información de longitud fija   260123s2025 be 2 000 | eng d
020 ## - ISBN (INTERNATIONAL STANDARD BOOK NUMBER)
Número Internacional Normalizado para Libros (ISBN) 9783631913406
040 ## - FUENTE DE CATALOGACIÓN
Centro catalogador de origen ES-MaCES
Lengua de catalogación spa
Centro transcriptor ES-MaCES
100 1# - ENCABEZAMIENTO PRINCIPAL--NOMBRE PERSONAL
9 (RLIN) 41622
Nombre de persona Papastamou, Andreas N.
245 10 - MENCIÓN DE TÍTULO
Título Emerging issues in European economic diplomacy
Mención de responsabilidad, etc. Andreas N. Papastamou
260 ## - PUBLICACIÓN, DISTRIBUCIÓN, ETC (PIE DE IMPRENTA)
Lugar de publicación, distribución, etc. Bruxelles
Nombre del editor, distribuidor, etc. Peter Lang
Fecha de publicación, distribución, etc. [2025]
300 ## - DESCRIPCIÓN FÍSICA
Extensión 362 p.
Dimensiones 21 cm
520 3# - RESUMEN, ETC.
Sumario, etc, La diplomacia económica es una herramienta multifacética que los países europeos, tanto a nivel individual como colectivo a través de la UE, utilizan para promover sus intereses económicos, fortalecer su posición global y abordar los desafíos globales más acuciantes. En su libro, Andreas N. Papastamou, catedrático de Economía Europea y Diplomacia Económica, quien ejerció como diplomático económico en el Ministerio de Asuntos Exteriores de Grecia durante 23 años, analiza los desafíos contemporáneos de la diplomacia económica, desde la inminente reconstrucción de Ucrania y la respuesta a las cada vez más frecuentes crisis geopolíticas internacionales, hasta la relación entre la promoción de los intereses comerciales de los Estados, la cooperación para el desarrollo y los derechos humanos. El libro consta de seis capítulos que abordan los principales desafíos de la diplomacia económica para la Unión Europea. El primer capítulo ofrece un fructífero repaso de la historia de la diplomacia económica desde las culturas de la antigüedad hasta el siglo XXI, con los desafíos contemporáneos de la globalización, la digitalización y el desarrollo sostenible. El segundo capítulo examina los medios disponibles para la diplomacia económica en Europa para afrontar las cada vez más frecuentes crisis geopolíticas internacionales. El tercer capítulo destaca los planes de las instituciones y los Estados europeos para la reconstrucción de Ucrania tras la guerra. El cuarto capítulo examina los aspectos sensibles de la diplomacia comercial y la cooperación al desarrollo con los derechos humanos. El quinto capítulo se centra en la formación de funcionarios de diplomacia económica y el sexto capítulo en el papel de las universidades europeas a la hora de afrontar las crisis económicas.<br/>
541 ## - NOTA DE LA FUENTE INMEDIANTE DE ADQUISICIÓN
Forma de adquisición Compra
650 #4 - ASIENTO SECUNDARIO DE MATERIA--TÉRMINO DE MATERIA
Término de materia o nombre geográfico como elemento inicial relaciones internacionales
9 (RLIN) 26675
650 #4 - ASIENTO SECUNDARIO DE MATERIA--TÉRMINO DE MATERIA
Término de materia o nombre geográfico como elemento inicial relaciones económicas
9 (RLIN) 26673
650 #4 - ASIENTO SECUNDARIO DE MATERIA--TÉRMINO DE MATERIA
Término de materia o nombre geográfico como elemento inicial diplomacia
9 (RLIN) 26686
650 #4 - ASIENTO SECUNDARIO DE MATERIA--TÉRMINO DE MATERIA
Término de materia o nombre geográfico como elemento inicial política exterior
9 (RLIN) 26687
650 #4 - ASIENTO SECUNDARIO DE MATERIA--TÉRMINO DE MATERIA
Término de materia o nombre geográfico como elemento inicial política comunitaria
9 (RLIN) 30776
650 #4 - ASIENTO SECUNDARIO DE MATERIA--TÉRMINO DE MATERIA
Término de materia o nombre geográfico como elemento inicial derecho comunitario
9 (RLIN) 29866
650 #4 - ASIENTO SECUNDARIO DE MATERIA--TÉRMINO DE MATERIA
Término de materia o nombre geográfico como elemento inicial UE
9 (RLIN) 26752
653 10 - TÉRMINO DE INDEXACIÓN--NO CONTROLADO
Término no controlado Ciencias Sociales-Políticas
902 ## - CES. TIPO DE DOCUMENTO
Tipodoc (006$c Sirtex) LIB Libro
942 ## - ELEMENTOS KOHA
Fuente de clasificaión o esquema Clasificación propia del CES
Koha [por defecto] tipo de item Monografías
Parte de clasificación Ciencias Sociales Politicas Empresariale

No hay ítems disponibles.

© CES, Consejo Económico y Social de España 2021